Scrabble - 3 Letter Words (R-Z) - Statistics

General Stats
  • This quiz has been taken 13 times
  • The average score is 232 of 399
Answer Stats
Answer % Correct
RED
100%
RAN
92%
RAP
92%
RAW
92%
REN
92%
RIN
92%
SEW
92%
SUN
92%
TAN
92%
TEN
92%
RAD
83%
RAG
83%
RAM
83%
RAS
83%
RAT
83%
RAY
83%
REG
83%
REM
83%
REP
83%
REV
83%
REZ
83%
ROD
83%
ROE
83%
ROM
83%
ROT
83%
ROW
83%
RUN
83%
RYE
83%
SAW
83%
SEA
83%
SEE
83%
SEN
83%
SIB
83%
SIC
83%
SIM
83%
SIN
83%
SON
83%
SOW
83%
SUM
83%
TAD
83%
TEA
83%
TED
83%
TET
83%
TIE
83%
RAH
75%
RAI
75%
REB
75%
REC
75%
REE
75%
REF
75%
REH
75%
REI
75%
REO
75%
RES
75%
RET
75%
REW
75%
REX
75%
RIA
75%
RIB
75%
RID
75%
RIF
75%
RIG
75%
RIM
75%
RIP
75%
RIT
75%
RIZ
75%
ROB
75%
ROC
75%
ROK
75%
RUE
75%
RUG
75%
RUT
75%
SAC
75%
SAD
75%
SAG
75%
SAL
75%
SAM
75%
SAN
75%
SAP
75%
SAT
75%
SAX
75%
SAY
75%
SEC
75%
SEL
75%
SEX
75%
SHY
75%
SIG
75%
SIR
75%
SIS
75%
SIT
75%
SIX
75%
SKY
75%
SLY
75%
SOB
75%
SOD
75%
SOG
75%
SOL
75%
SOM
75%
SOP
75%
SOS
75%
SOT
75%
SOX
75%
SOY
75%
SUB
75%
SUD
75%
SUP
75%
TAB
75%
TAG
75%
TAM
75%
TAO
75%
TAP
75%
TAR
75%
TAS
75%
TAT
75%
TAU
75%
TAW
75%
TAX
75%
TAY
75%
TEC
75%
TEE
75%
TEG
75%
TEL
75%
TEW
75%
TEX
75%
TIN
75%
TIS
75%
TIT
75%
TOY
75%
TUB
75%
TUG
75%
TUM
75%
TUT
75%
VAG
75%
VAN
75%
VAT
75%
VET
75%
RAJ
67%
RAV
67%
RAX
67%
RHO
67%
ROO
67%
RUB
67%
RUC
67%
RUD
67%
RUM
67%
SAB
67%
SAE
67%
SAR
67%
SAU
67%
SAV
67%
SAZ
67%
SED
67%
SEG
67%
SET
67%
SEV
67%
SEY
67%
SHE
67%
SIF
67%
SIP
67%
SKI
67%
SOU
67%
SOZ
67%
SUE
67%
SUG
67%
SUI
67%
SUK
67%
SUQ
67%
SUS
67%
TAE
67%
TAI
67%
TAJ
67%
TAK
67%
TAV
67%
TEF
67%
TES
67%
TIC
67%
TIL
67%
TIP
67%
TOE
67%
TON
67%
TOR
67%
TOT
67%
TOW
67%
TRY
67%
TUN
67%
VAC
67%
VAX
67%
VEX
67%
VIN
67%
WAD
67%
WAG
67%
WAN
67%
WAP
67%
WAR
67%
WAS
67%
WAT
67%
WAX
67%
WAY
67%
WEN
67%
ZOO
67%
RHY
58%
SAI
58%
SEI
58%
SER
58%
SEZ
58%
SIK
58%
SOH
58%
SOV
58%
SPA
58%
SUR
58%
THE
58%
TID
58%
TIG
58%
TIK
58%
TIX
58%
TIZ
58%
TOC
58%
TOD
58%
TOG
58%
TOM
58%
TOO
58%
TOP
58%
TUI
58%
TUP
58%
TUX
58%
URN
58%
VAR
58%
VAS
58%
VAU
58%
VAW
58%
VIA
58%
VID
58%
VIE
58%
VIG
58%
VIM
58%
VIS
58%
VOW
58%
WAB
58%
WAW
58%
WAZ
58%
WEB
58%
WED
58%
WEE
58%
WET
58%
WHY
58%
WIN
58%
WIT
58%
YEA
58%
YES
58%
YET
58%
YUS
58%
ZAP
58%
ZIP
58%
RYA
50%
RYU
50%
SHA
50%
SHH
50%
SHO
50%
SKA
50%
SOC
50%
SPY
50%
STY
50%
THY
50%
UPS
50%
USE
50%
VAE
50%
VEE
50%
VEG
50%
VOL
50%
WAE
50%
WAI
50%
WEM
50%
WEX
50%
WEY
50%
WHA
50%
WIG
50%
WOE
50%
WOK
50%
WON
50%
WOT
50%
WOW
50%
WUS
50%
YAD
50%
YAG
50%
YAP
50%
YAR
50%
YAW
50%
YAY
50%
YEH
50%
YEN
50%
YEP
50%
YER
50%
YEW
50%
YEZ
50%
YOU
50%
ZAS
50%
ZEE
50%
ZIN
50%
SMA
42%
SWY
42%
SYE
42%
THO
42%
TWO
42%
TYE
42%
UGH
42%
UMP
42%
VAV
42%
VOE
42%
VOG
42%
VOM
42%
WHO
42%
WIS
42%
WIZ
42%
WOF
42%
WOO
42%
WOP
42%
WOS
42%
WOX
42%
WRY
42%
WUD
42%
YAE
42%
YAH
42%
YAK
42%
YAM
42%
YAS
42%
YIN
42%
YUG
42%
YUK
42%
YUM
42%
YUP
42%
ZAG
42%
ZED
42%
ZEL
42%
ZEN
42%
ZIG
42%
SRI
33%
SYN
33%
TSK
33%
TWA
33%
URP
33%
VOR
33%
VOX
33%
VUG
33%
VUM
33%
WUZ
33%
YEX
33%
YIP
33%
YOB
33%
YOD
33%
YOK
33%
YOM
33%
YON
33%
YOW
33%
ZAX
33%
ZEA
33%
ZEK
33%
ZEP
33%
ZEX
33%
ZIT
33%
SNY
25%
TYG
25%
ULE
25%
UNS
25%
URB
25%
URD
25%
URE
25%
UTE
25%
ZIZ
25%
ZOA
25%
ZOS
25%
TWP
17%
UDO
17%
UDS
17%
UKE
17%
ULU
17%
UME
17%
UMM
17%
UMS
17%
UNI
17%
UVA
17%
WYE
17%
ZHO
17%
ZOL
17%
ZUZ
17%
UEY
8%
UFO
8%
UGS
8%
UMU
8%
UPO
8%
UTA
8%
UTS
8%
UTU
8%
UWU
8%
VLY
8%
WYN
8%
XED
8%
XIS
8%
YGO
8%
ZZZ
8%
No matching quizzes found
Score Distribution
Percent of People with Each Score
Percentile by Number Answered
Your Score History
You have not taken this quiz